000 00808caa a22002417a 4500
999 _c410272
_d410272
001 123339
003 UA-OsUOA
005 20200111232725.0
007 ta
008 20170612b un ||||| |||| 00| 0 ukr d
040 _aUA-OsUOA
_bukr
_cUA-OsUOA
_dUA-OsUOA
041 _aukr
080 _a908
090 _a908
_bП82
100 _aПростопчук О.
245 _aДва нариси про земляків-повстанців
_cО. Простопчук
300 _aС. 178–181
650 7 _a908 Краєзнавство
_2UDC
773 0 _0399316
_9416564
_dОстрог НаУОА 2008
_o148879
_tОстрозький краєзнавчий збірник
_w(UA-OsUOA) 113459
942 _cBKA
_2udc
955 _a1